Statistiques concernant Qui est ma sœur 👭🏼 ? #1

Cliquez ici pour prendre le quiz!

Statistiques générales

  • Ce quiz a été pris 207 fois
  • Le résultat moyen est 4 sur 12

Statistiques - réponses

Réponse% Correct
Alexandra Lamy
89%
Venus Williams / Yetunde, Isha & Lyndrea Price / Sabrina Deville Williams
73%
Philippa Middleton
50%
Ashley / Elizabeth / Courtney Taylor Olsen
46%
Gigi, Marielle & Alana Hadid
39%
Monica Cruz
36%
Emmanuelle & Marie-Amélie Seigner
28%
Dakota Fanning
19%
Brandi & Miley Cyrus
15%
Zooey Deschanel
14%
Beyoncé Knowles
9%
Chloé & Cara Delevingne
4%

Distribution des résultats

Percentile par nombre de réponses

% des personnes avec chaque résultat

Votre développement - résultats

Vous n’avez pas pris ce quiz